All-Time NBA European Teams Quiz - Statistics

General Stats
  • This quiz has been taken 191 times
  • The average score is 8 of 10
Answer Stats
Player % Correct
Giannis Antetokounmpo
96%
Dirk Nowitzki
95%
Luka Dončić
95%
Pau Gasol
91%
Nikola Jokić
90%
Tony Parker
90%
Arvydas Sabonis
64%
Toni Kukoč
51%
Peja Stojaković
42%
Drazen Petrović
41%
No matching quizzes found
Score Distribution
Percent of People with Each Score
Percentile by Number Answered
Your Score History
You have not taken this quiz